1444 1567 1105 1538 1214 1323 1001 1454 1447 1151 1467 1443 1715 1367 1914 1587 1905 1594 1743 1605 1718 1571 1849 1749 1789 1623 1983 1752 1154 1013 1060 1426 1755 1974 1151 1455 1506 1589 1051 1649 1238 1095 1337 1918 1965 1559 1531 1990 1004 1784 1542 1024 1266 1402 1952 1157 1323 1409 1099 1150 1257 1089 1694 1073 1042 1854 1096 1632 1492 1680 1085 1632 1089 1068 1368 1253 1928 1413 1420 1319 1344 1046 1050 1804 1713 1986 1320 1206 1660 1598 1493 1653 1193 1042 1554 1076 1533 1339 1802 BCNSPRNW ULIB Ver.6.0+V

เปลี่ยนเป็นภาษาไทย

Change to English
 แสดงรายละเอียดบรรณานุกรม
  กลับหน้าหลัก

Brief Record : Get Marc (ISO 2709) : E-mail record : QR code < ปิดหน้าต่าง
LEADER : 00000nam 2200000uu 4500
001    13399111786
003     ULIB
008    110214s2543||||th 000 0 tha d
020    9746119338(ล.2)
050  4 HV553^bม246บ ล.2 2543
110 1  มหาวิทยาลัยสุโขทัยธรรมาธิราช^bสาขาวิชาวิทยาศาสตร์สุขภาพ
245 00 เอกสารการสอนชุดวิชา บรรเทาสาธารณภัย หน่วยที่ 8-15=^bDisaster relief /^cสาขาวิชาวิทยาศาสตร์สุขภาพ มหาวิทยาลัยสุโขทัยธรรมาธิราช
246 31 Disaster relief
250    พิมพ์ครั้งที่ 15
260    นนทบุรี:^bศูนย์หนังสือมหาวิทยาลัยสุโขทัยธรรมาธิราช,^c2543
300    462 หน้า
650  7 บรรเทาสาธารณภัย
945    ^p0^l0^i022682
945    ^p0^l0^i022683
945    ^p0^l0^i022684
945    ^p0^l0^i022685
945    ^p0^l0^i022686
945    ^p0^l0^i022687
945    ^p0^l0^i022688
945    ^p0^l0^i030291
945    ^p0^l0^i030292
945    ^p0^l0^i030293
945    ^p0^l0^i030294
945    ^p0^l0^i030295
945    ^p0^l0^i030296
945    ^p0^l0^i030297
995    ทศพร
999 ^a ใช้งานได้ทุกระบบ
รายการนี้ยังไม่มีแท็ก
คุณยังไม่ได้ล็อกอิน คุณสามารถมีกิจกรรมร่วมกับเว็บไซต์ได้ แต่ต้องล็อกอินก่อน ::
  ล็อกอิน

รายการสื่อสารสนเทศ

ลำดับที่ ประเภท เลขเรียก/บาร์โค้ด สถานที่ สถานะ
- ไม่พบข้อมูล -

รายการใกล้เคียง
    หัวเรื่อง [บรรเทาสาธารณภัย]

BibComment


ยังไม่เคยถูกคอมเมนท์

คอมเมนท์ทรัพยากรรายการนี้
  คอมเมนท์: เอกสารการสอนชุดวิ..


 Copyright 2026. Bcnsprnw @Library